Země světa 2 Afrika, Amerika, Oceánie
Salvato in:
| Natura: | Libro |
|---|---|
| Lingua: | ceco |
| Pubblicazione: |
Praha
Svoboda
1987
|
| Tags: |
Nessun Tag, puoi essere il primo ad aggiungerne!!
|
MARC
| LEADER | 00000nam a2200000 4500 | ||
|---|---|---|---|
| 001 | c024121 | ||
| 005 | 20250515084948.4 | ||
| 041 | 0 | |a cze | |
| 044 | |a CZ | ||
| 245 | 1 | 0 | |a Země světa 2 |b Afrika, Amerika, Oceánie |
| 264 | 1 | |a Praha |b Svoboda |c 1987 | |
| 300 | |a 476 s. | ||